|
|
|
|
| LEADER |
01122nab a2200301 i 4500 |
| 001 |
publ26224 |
| 005 |
20230119084612.0 |
| 008 |
230119s2022 hu o 0|| Angol d |
| 022 |
|
|
|a 0392-100X
|
| 024 |
7 |
|
|a 10.14639/0392-100X-N1803
|2 doi
|
| 024 |
7 |
|
|a 32850565
|2 mtmt
|
| 040 |
|
|
|a SZTE Publicatio Repozitórium
|b hun
|
| 041 |
|
|
|a Angol
|
| 100 |
1 |
|
|a Benedek Pálma Edina
|
| 245 |
1 |
0 |
|a Postoperative respiratory complications in children with obstructive sleep apnoea syndrome
|h [elektronikus dokumentum] /
|c Benedek Pálma Edina
|
| 260 |
|
|
|c 2022
|
| 300 |
|
|
|a 162-168
|
| 490 |
0 |
|
|a ACTA OTORHINOLARYNGOLOGICA ITALICA: ORGANO UFFICIALE DELLA SOCIETA ITALIANA DI OTORINOLARINGOLOGIA E CHIRURGIA CERVICO-FACCIALE
|v 42 No. 2
|
| 650 |
|
4 |
|a Klinikai orvostan
|
| 700 |
0 |
1 |
|a Keserü Fanni
|e aut
|
| 700 |
0 |
1 |
|a Kiss Gabriella
|e aut
|
| 700 |
0 |
1 |
|a Bella Zsolt
|e aut
|
| 700 |
0 |
1 |
|a Rovó László
|e aut
|
| 700 |
0 |
1 |
|a Katona Gábor
|e aut
|
| 700 |
0 |
1 |
|a Bikov András
|e aut
|
| 700 |
0 |
1 |
|a Csoma Balázs
|e aut
|
| 700 |
0 |
1 |
|a Lázár Zsófia
|e aut
|
| 856 |
4 |
0 |
|u http://publicatio.bibl.u-szeged.hu/26224/1/BenedekPalma_cikk.pdf
|z Dokumentum-elérés
|